[Event "Hessen-ch Seniors op 11th"]
[Site "Bad Sooden-Allendorf"]
[Date "2015.05.12"]
[Round "4"]
[White "Grabitz, Georg"]
[Black "Franck, Rudolf"]
[Result "1/2-1/2"]
[WhiteElo "2031"]
[BlackElo "2135"]
[PlyCount "35"]
[EventDate "2015.05.09"]
[EventType "swiss"]
[EventRounds "9"]
[EventCountry "GER"]
[SourceTitle "EXT 2018"]
[Source "ChessBase"]
[SourceDate "2017.10.13"]
[SourceVersion "1"]
[SourceVersionDate "2017.10.13"]
[SourceQuality "1"]

1. e4 e5 2. Nf3 Nc6 3. d4 exd4 4. Bc4 Bb4+ 5. c3 dxc3 6. 0-0 Qe7 7. a3 Ba5 8. b4 Bb6 9. Nxc3 Ne5 10. Nd5 Nxf3+ 11. Qxf3 Qf8 12. Bb2 c6 13. Nxb6 axb6 14. Rad1 h5 15. Qg3 Rh7 16. Rfe1 Qe7 17. Rd3 g6 18. Red1 1/2-1/2

[Event "Hessen-ch Seniors op 11th"]
[Site "Bad Sooden-Allendorf"]
[Date "2015.05.09"]
[Round "1"]
[White "Knaak, Hans"]
[Black "Grabitz, Georg"]
[Result "0-1"]
[WhiteElo "1698"]
[BlackElo "2031"]
[PlyCount "40"]
[EventDate "2015.05.09"]
[EventType "swiss"]
[EventRounds "9"]
[EventCountry "GER"]
[SourceTitle "EXT 2018"]
[Source "ChessBase"]
[SourceDate "2017.10.13"]
[SourceVersion "1"]
[SourceVersionDate "2017.10.13"]
[SourceQuality "1"]

1. d4 g6 2. c4 Nf6 3. Nc3 Bg7 4. Nf3 0-0 5. e3 d6 6. Be2 Nbd7 7. 0-0 e5 8. Qc2 Re8 9. Bd2 e4 10. Ne1 Nf8 11. Rd1 c6 12. Qb3 Qe7 13. Nc2 Bf5 14. Nb4 Reb8 15. a3 a5 16. Nc2 Qd7 17. Na4 b5 18. cxb5 Be6 19. Bc4 Bxc4 20. Qxc4 cxb5 0-1

[Event "Hessen-ch Seniors op 10th"]
[Site "Bad Sooden-Allendorf"]
[Date "2014.05.03"]
[Round "8"]
[White "Grabitz, Georg"]
[Black "Gudat, Alfons"]
[Result "1-0"]
[WhiteElo "2020"]
[BlackElo "1962"]
[PlyCount "80"]
[EventDate "2014.04.26"]
[EventType "swiss"]
[EventRounds "9"]
[EventCountry "GER"]
[SourceTitle "EXT 2018"]
[Source "ChessBase"]
[SourceDate "2017.10.13"]
[SourceVersion "1"]
[SourceVersionDate "2017.10.13"]
[SourceQuality "1"]

1. e4 c5 2. Nf3 Nf6 3. e5 Nd5 4. g3 Nc6 5. Bg2 e6 6. 0-0 d6 7. exd6 Bxd6 8. d4 0-0 9. c4 Nde7 10. Nc3 cxd4 11. Nxd4 e5 12. Nxc6 Nxc6 13. Be3 Be6 14. b3 f5 15. f4 e4 16. Nb5 Be7 17. Nd4 Nxd4 18. Qxd4 Qa5 19. Qe5 Qa6 20. Rad1 Bf6 21. Qd6 Qxd6 22. Rxd6 Kf7 23. Rfd1 Be7 24. R6d2 Bb4 25. Rc2 b6 26. Bf1 Rad8 27. Rcc1 Ke7 28. Be2 Ba3 29. Rb1 Rxd1+ 30. Rxd1 Rd8 31. Kf2 Rxd1 32. Bxd1 Kd6 33. Bd4 g6 34. Bc2 Kc6 35. Bd1 a6 36. Ke3 Bc5 37. Be2 a5 38. Bf1 Bc8 39. h4 Be6 40. Be2 h6 1-0

[Event "EU-chT Seniors 15th"]
[Site "Dresden"]
[Date "2013.07.23"]
[Round "4"]
[White "Grabitz, Georg"]
[Black "Gottschall, Ina"]
[Result "1/2-1/2"]
[WhiteElo "2067"]
[BlackElo "1731"]
[PlyCount "141"]
[EventDate "2013.07.20"]
[EventType "team-swiss"]
[EventRounds "9"]
[EventCountry "GER"]
[SourceTitle "CBM 155 Extra"]
[Source "ChessBase"]
[SourceDate "2013.08.26"]
[SourceVersion "1"]
[SourceVersionDate "2013.08.26"]
[SourceQuality "1"]
[WhiteTeam "Widukind"]
[BlackTeam "Germany (W)"]
[WhiteTeamCountry "GER"]
[BlackTeamCountry "GER"]

1. e4 g6 2. d4 d6 3. Nc3 Bg7 4. Be3 Nd7 5. Qd2 c5 6. dxc5 dxc5 7. Nf3 a6 8. Bc4 Qb6 9. Rb1 Ngf6 10. 0-0 0-0 11. Rfd1 Ng4 12. Nd5 Qd6 13. Bg5 Ndf6 14. Nxf6+ Nxf6 15. Qxd6 exd6 16. Bxf6 Bxf6 17. Rxd6 Kg7 18. h3 b5 19. Bf1 Bb7 20. e5 Bd8 21. Re1 Re8 22. Bd3 Bc7 23. Rd7 Rac8 24. Be4 Bxe4 25. Rxe4 Kg8 26. Rf4 Rf8 27. Rf6 h6 28. Rxa6 Bb8 29. Rb6 b4 30. Rbb7 Rc6 31. a4 bxa3 32. bxa3 Ra6 33. Rb3 Re8 34. Rd5 c4 35. Rc3 Ra4 36. Rc5 Ra6 37. R5xc4 Bxe5 38. Re3 Ra5 39. Rce4 f6 40. Nxe5 fxe5 41. f4 Rc8 42. fxe5 Rxc2 43. a4 Ra2 44. e6 Kf8 45. e7+ Ke8 46. Rd4 Ra8 47. Rf4 Kd7 48. Rf8 Re8 49. Rxe8 Kxe8 50. Re4 g5 51. h4 gxh4 52. Kh2 Ra3 53. Rxh4 Kxe7 54. Rf4 Ke6 55. g3 Ke5 56. Kh3 Ra1 57. Kg4 Ra3 58. Rb4 Kf6 59. Kf4 h5 60. Re4 Ra2 61. Kf3 Ra3+ 62. Kg2 Kf5 63. Rf4+ Kg5 64. Rb4 Ra2+ 65. Kh3 Ra1 66. Rb5+ Kg6 67. a5 Rh1+ 68. Kg2 Ra1 69. Kf3 Ra3+ 70. Kf4 Ra4+ 71. Ke5 1/2-1/2

[Event "Hessen-ch Seniors op 09th"]
[Site "Bad Sooden-Allendorf"]
[Date "2013.04.26"]
[Round "7"]
[White "Grabitz, Georg"]
[Black "Romanow, Werner"]
[Result "0-1"]
[WhiteElo "2056"]
[BlackElo "2117"]
[PlyCount "59"]
[EventDate "2013.04.20"]
[EventType "swiss"]
[EventRounds "9"]
[EventCountry "GER"]
[SourceTitle "EXT 2019"]
[Source "ChessBase"]
[SourceDate "2018.10.10"]
[SourceVersion "1"]
[SourceVersionDate "2018.10.10"]
[SourceQuality "1"]

1. Nf3 Nf6 2. d4 g6 3. Nc3 d5 4. Bf4 Bg7 5. e3 c6 6. Be2 0-0 7. Ne5 Nbd7 8. h4 Qa5 9. Qd2 Nxe5 10. Bxe5 b5 11. a3 Qb6 12. h5 a5 13. Bd3 Bd7 14. h6 Bh8 15. 0-0 Ng4 16. Bf4 e5 17. dxe5 Nxe5 18. Rad1 Qd8 19. e4 d4 20. Ne2 c5 21. Bxe5 Bxe5 22. f4 Bc7 23. e5 Qh4 24. Be4 Rad8 25. Qe1 Qxh6 26. Ng3 c4 27. Bd5 Bb6 28. Rf3 d3+ 29. Kf1 Bg4 30. Qe4 0-1

[Event "Hessen-ch Seniors op 09th"]
[Site "Bad Sooden-Allendorf"]
[Date "2013.04.23"]
[Round "4"]
[White "Piastowski, Kurt"]
[Black "Grabitz, Georg"]
[Result "1/2-1/2"]
[WhiteElo "1995"]
[BlackElo "2056"]
[PlyCount "42"]
[EventDate "2013.04.20"]
[EventType "swiss"]
[EventRounds "9"]
[EventCountry "GER"]
[SourceTitle "EXT 2019"]
[Source "ChessBase"]
[SourceDate "2018.10.10"]
[SourceVersion "1"]
[SourceVersionDate "2018.10.10"]
[SourceQuality "1"]

1. d4 g6 2. Nf3 Bg7 3. Bf4 d6 4. e3 Nf6 5. Bc4 0-0 6. 0-0 a6 7. a4 b6 8. Nbd2 Bb7 9. Re1 Ne4 10. Nxe4 Bxe4 11. Ng5 Bb7 12. c3 h6 13. Nf3 Nd7 14. e4 e5 15. dxe5 dxe5 16. Bg3 Qe7 17. Qc2 Rad8 18. Nd2 Nc5 19. Rad1 Rd7 20. f3 Rfd8 21. Nf1 Rxd1 1/2-1/2

[Event "Hessen-ch Seniors op 09th"]
[Site "Bad Sooden-Allendorf"]
[Date "2013.04.22"]
[Round "3"]
[White "Grabitz, Georg"]
[Black "Ljubarskij, Jurij"]
[Result "0-1"]
[WhiteElo "2056"]
[BlackElo "2293"]
[PlyCount "94"]
[EventDate "2013.04.20"]
[EventType "swiss"]
[EventRounds "9"]
[EventCountry "GER"]
[SourceTitle "EXT 2019"]
[Source "ChessBase"]
[SourceDate "2018.10.10"]
[SourceVersion "1"]
[SourceVersionDate "2018.10.10"]
[SourceQuality "1"]

1. e4 e5 2. Nf3 Nc6 3. d4 exd4 4. Bc4 Nf6 5. e5 d5 6. Bb5 Ne4 7. Nxd4 Bc5 8. Be3 Bd7 9. Bxc6 bxc6 10. Nd2 Nxd2 11. Qxd2 Qe7 12. Nb3 Bb6 13. Qc3 0-0 14. 0-0 Rfe8 15. f4 a5 16. Bc5 a4 17. Kh1 Bxc5 18. Nxc5 Bf5 19. b4 a3 20. Rf2 h5 21. Rb1 Qh4 22. Qg3 Qxg3 23. hxg3 f6 24. Re1 Rab8 25. c3 d4 26. cxd4 Rxb4 27. Re3 Rb2 28. Kg1 Ra8 29. Rb3 Rxb3 30. Nxb3 Be6 31. Nc5 Bd5 32. Rc2 Rb8 33. Rc3 Rb1+ 34. Kh2 Rb2 35. Rxa3 Rxg2+ 36. Kh3 Rg1 37. g4 hxg4+ 38. Kh4 f5 39. e6 Kf8 40. Ra8+ Ke7 41. Rg8 Bxe6 42. Nxe6 Kxe6 43. Rxg7 Kd5 44. Kg5 Kxd4 45. Kxf5 g3 46. Rxc7 g2 47. Rxc6 Rf1 0-1

[Event "Hessen-ch Seniors op 09th"]
[Site "Bad Sooden-Allendorf"]
[Date "2013.04.21"]
[Round "2"]
[White "Lindner, Jan Joost"]
[Black "Grabitz, Georg"]
[Result "0-1"]
[WhiteElo "2159"]
[BlackElo "2056"]
[PlyCount "40"]
[EventDate "2013.04.20"]
[EventType "swiss"]
[EventRounds "9"]
[EventCountry "GER"]
[SourceTitle "EXT 2019"]
[Source "ChessBase"]
[SourceDate "2018.10.10"]
[SourceVersion "1"]
[SourceVersionDate "2018.10.10"]
[SourceQuality "1"]

1. f4 Nf6 2. Nf3 d6 3. Nc3 g6 4. e4 Bg7 5. Be2 c5 6. 0-0 0-0 7. d3 Nc6 8. Qe1 Bg4 9. h3 Bxf3 10. Bxf3 Nd4 11. Bd1 e6 12. Be3 Nd7 13. Ne2 Nxe2+ 14. Bxe2 Bxb2 15. Rb1 Bg7 16. Rxb7 Nb6 17. Qa5 Qc8 18. Rxa7 Qc6 19. Rb1 Na4 20. Rbb7 Qxb7 0-1

[Event "SH-ch Seniors op"]
[Site "Eckernfoerde"]
[Date "2012.10.04"]
[Round "6.14"]
[White "Grabitz, Georg"]
[Black "Elsner, Norbert"]
[Result "0-1"]
[WhiteElo "2065"]
[BlackElo "1883"]
[PlyCount "84"]
[EventDate "2012.09.29"]
[EventType "swiss"]
[EventRounds "7"]
[EventCountry "GER"]
[SourceTitle "EXT 2022"]
[Source "ChessBase"]
[SourceDate "2021.10.06"]
[SourceVersion "1"]
[SourceVersionDate "2021.10.06"]
[SourceQuality "1"]

1. d4 Nf6 2. Nf3 e6 3. e3 Be7 4. Bd3 d5 5. 0-0 0-0 6. Nbd2 c5 7. b3 Nc6 8. Bb2 cxd4 9. exd4 Nb4 10. Be2 Ne4 11. a3 Nc6 12. Ne5 f5 13. Ndf3 Bd7 14. c4 Be8 15. Rc1 Rc8 16. b4 Nxe5 17. Nxe5 Bg5 18. f4 Bf6 19. cxd5 Rxc1 20. Qxc1 exd5 21. Qc2 g5 22. g3 gxf4 23. gxf4 Bxe5 24. dxe5 Qb6+ 25. Kh1 Bc6 26. b5 Bxb5 27. Bxb5 Qxb5 28. Qg2+ Kf7 29. e6+ Kxe6 30. Rc1 Qd3 31. h3 Qg3 32. Qxg3 Nxg3+ 33. Kh2 Ne4 34. Bd4 a6 35. Rb1 Rf7 36. Rb6+ Nd6 37. Be5 Rd7 38. Bxd6 Rxd6 39. Rxb7 d4 40. Rb2 Kd5 41. Kg3 d3 42. Kf3 Kd4 0-1

[Event "Hessen-ch Seniors op 07th"]
[Site "Bad Sooden-Allendorf"]
[Date "2011.05.07"]
[Round "8"]
[White "Knaak, Joachim"]
[Black "Grabitz, Georg"]
[Result "1-0"]
[WhiteElo "2112"]
[BlackElo "1903"]
[PlyCount "53"]
[EventDate "2011.04.30"]
[EventType "swiss"]
[EventRounds "9"]
[EventCountry "GER"]
[SourceTitle "EXT 2012"]
[Source "ChessBase"]
[SourceDate "2011.11.24"]
[SourceVersion "1"]
[SourceVersionDate "2011.11.24"]
[SourceQuality "1"]

1. d4 Nf6 2. c4 g6 3. Nc3 Bg7 4. e4 d6 5. f3 0-0 6. Be3 Nc6 7. Nge2 a6 8. Nc1 e5 9. d5 Nd4 10. Nb3 Nxb3 11. Qxb3 Nh5 12. 0-0-0 f5 13. c5 Nf6 14. Bd3 Kh8 15. Kb1 Rf7 16. exf5 gxf5 17. Qc2 dxc5 18. Bxc5 Ne8 19. h3 Nd6 20. g4 Qf6 21. Rdg1 Bh6 22. h4 Bf4 23. g5 Qe7 24. Ne2 b6 25. Bf2 h5 26. Nxf4 exf4 27. g6 1-0

[Event "Hessen-ch Seniors op 07th"]
[Site "Bad Sooden-Allendorf"]
[Date "2011.05.05"]
[Round "6"]
[White "Neumann, Horst"]
[Black "Grabitz, Georg"]
[Result "1/2-1/2"]
[WhiteElo "1784"]
[BlackElo "1903"]
[PlyCount "29"]
[EventDate "2011.04.30"]
[EventType "swiss"]
[EventRounds "9"]
[EventCountry "GER"]
[SourceTitle "EXT 2012"]
[Source "ChessBase"]
[SourceDate "2011.11.24"]
[SourceVersion "1"]
[SourceVersionDate "2011.11.24"]
[SourceQuality "1"]

1. e4 g6 2. d4 Bg7 3. Nf3 d6 4. Bc4 Nf6 5. Nc3 0-0 6. Qe2 e6 7. Bb3 Nc6 8. a3 b6 9. 0-0 Ne7 10. h3 Bb7 11. Bf4 h6 12. Rfe1 Kh7 13. Rad1 a6 14. Bg3 Nd7 15. Rd2 1/2-1/2

[Event "Niedersachsen-ch Seniors op 13th"]
[Site "Bad Bevensen"]
[Date "2010.07.10"]
[Round "5"]
[White "Grabitz, Georg"]
[Black "Schenk, Dieter"]
[Result "1/2-1/2"]
[WhiteElo "1946"]
[BlackElo "1707"]
[PlyCount "27"]
[EventDate "2010.07.06"]
[EventType "swiss"]
[EventRounds "9"]
[EventCountry "GER"]
[SourceTitle "EXT 2012"]
[Source "ChessBase"]
[SourceDate "2011.11.24"]
[SourceVersion "1"]
[SourceVersionDate "2011.11.24"]
[SourceQuality "1"]

1. d4 d5 2. Nf3 c6 3. Bf4 Bf5 4. e3 Nf6 5. c4 e6 6. Nc3 Bd6 7. Ne5 Ne4 8. Nxe4 Bxe4 9. f3 f6 10. fxe4 fxe5 11. Bxe5 Qa5+ 12. Kf2 0-0+ 13. Kg1 Bxe5 14. dxe5 1/2-1/2

[Event "Bad Bevensen Seniors op 12th"]
[Site "Bad Bevensen"]
[Date "2009.07.15"]
[Round "9"]
[White "Grabitz, Georg"]
[Black "Gudat, Alfons"]
[Result "1/2-1/2"]
[WhiteElo "1972"]
[BlackElo "1868"]
[PlyCount "23"]
[EventDate "2009.07.07"]
[EventType "swiss"]
[EventRounds "9"]
[EventCountry "GER"]
[SourceTitle "EXT 2022"]
[Source "ChessBase"]
[SourceDate "2021.10.06"]
[SourceVersion "1"]
[SourceVersionDate "2021.10.06"]
[SourceQuality "1"]

1. d4 Nf6 2. Nf3 e6 3. e3 b6 4. Bd3 Bb7 5. 0-0 Be7 6. c4 0-0 7. Nc3 d5 8. b3 Nbd7 9. Bb2 c5 10. Qe2 Rc8 11. Rac1 Re8 12. Rfd1 1/2-1/2

[Event "Bad Bevensen Seniors op 12th"]
[Site "Bad Bevensen"]
[Date "2009.07.07"]
[Round "1"]
[White "Grabitz, Georg"]
[Black "Romainczyk, Stefan"]
[Result "1-0"]
[WhiteElo "1972"]
[BlackElo "1666"]
[PlyCount "59"]
[EventDate "2009.07.07"]
[EventType "swiss"]
[EventRounds "9"]
[EventCountry "GER"]
[SourceTitle "EXT 2022"]
[Source "ChessBase"]
[SourceDate "2021.10.06"]
[SourceVersion "1"]
[SourceVersionDate "2021.10.06"]
[SourceQuality "1"]

1. d4 d5 2. Nf3 Bf5 3. c4 dxc4 4. Nc3 Nf6 5. e3 e6 6. Bxc4 Bb4 7. Qa4+ Nc6 8. Ne5 Qd6 9. 0-0 Bxc3 10. bxc3 0-0 11. Ba3 Qd8 12. Nxc6 bxc6 13. Bxf8 Qxf8 14. f3 c5 15. Be2 Bg6 16. Qa3 cxd4 17. Qxf8+ Kxf8 18. cxd4 Ke7 19. Rab1 Nd7 20. Bb5 Nf6 21. Rbc1 Kd8 22. Rfd1 a5 23. a4 Ra7 24. d5 exd5 25. Bc6 Ke7 26. Bxd5 Bf5 27. Kf2 Bd7 28. Rd4 Kd6 29. Ke2 g5 30. Bxf7+ 1-0

[Event "EU-chT Seniors 11th"]
[Site "Velden"]
[Date "2009.04.11"]
[Round "7"]
[White "Grabitz, Georg"]
[Black "Bukacek, Emil"]
[Result "1/2-1/2"]
[WhiteElo "2082"]
[BlackElo "2211"]
[PlyCount "40"]
[EventDate "2009.04.05"]
[EventType "team-swiss"]
[EventRounds "9"]
[EventCountry "AUT"]
[SourceTitle "CBM 129 Extra"]
[Source "ChessBase"]
[SourceDate "2009.05.05"]
[SourceVersion "2"]
[SourceVersionDate "2009.05.20"]
[SourceQuality "1"]

1. d4 f5 2. Bg5 c6 3. e3 Qb6 4. Qc1 g6 5. Nf3 Bg7 6. Bd3 d6 7. c3 Nd7 8. Nbd2 Ngf6 9. h3 Qc7 10. Bf4 e5 11. dxe5 Nxe5 12. Nxe5 dxe5 13. Bh2 Qe7 14. Bc4 Bd7 15. Qc2 Nd5 16. 0-0-0 b5 17. Bb3 0-0-0 18. Nf3 Nb6 19. Qe2 Kb7 20. Rd2 Bc8 1/2-1/2

[Event "Niedersachsen-ch Seniors op 11th"]
[Site "Bad Bevensen"]
[Date "2008.07.14"]
[Round "7"]
[White "Wittkugel, Friedhelm"]
[Black "Grabitz, Georg"]
[Result "1/2-1/2"]
[WhiteElo "1842"]
[BlackElo "1943"]
[PlyCount "43"]
[EventDate "2008.07.08"]
[EventType "swiss"]
[EventRounds "9"]
[EventCountry "GER"]
[SourceTitle "EXT 2022"]
[Source "ChessBase"]
[SourceDate "2021.10.06"]
[SourceVersion "1"]
[SourceVersionDate "2021.10.06"]
[SourceQuality "1"]

1. Nf3 Nf6 2. d4 g6 3. Nbd2 Bg7 4. e4 d6 5. Be2 0-0 6. c3 Nc6 7. 0-0 e5 8. dxe5 dxe5 9. Qc2 Nh5 10. Rd1 Nf4 11. Nf1 Qe7 12. h3 Be6 13. Bxf4 exf4 14. Rd2 Rad8 15. Rad1 Rxd2 16. Rxd2 Rd8 17. Rxd8+ Qxd8 18. b3 h6 19. N1d2 Qf6 20. Nb1 a6 21. a4 g5 22. b4 1/2-1/2

[Event "Niedersachsen-ch Seniors op 11th"]
[Site "Bad Bevensen"]
[Date "2008.07.12"]
[Round "5"]
[White "Jesse, Gustav"]
[Black "Grabitz, Georg"]
[Result "0-1"]
[WhiteElo "1753"]
[BlackElo "1943"]
[PlyCount "24"]
[EventDate "2008.07.08"]
[EventType "swiss"]
[EventRounds "9"]
[EventCountry "GER"]
[SourceTitle "EXT 2022"]
[Source "ChessBase"]
[SourceDate "2021.10.06"]
[SourceVersion "1"]
[SourceVersionDate "2021.10.06"]
[SourceQuality "1"]

1. e4 c5 2. Nf3 a6 3. d4 cxd4 4. Nxd4 Nf6 5. Nc3 e5 6. Nf5 d5 7. Ng3 Bb4 8. Bd2 dxe4 9. Ncxe4 Bxd2+ 10. Nxd2 Be6 11. Bd3 Nc6 12. c3 Qxd3 0-1

[Event "Niedersachsen-ch Seniors op 11th"]
[Site "Bad Bevensen"]
[Date "2008.07.09"]
[Round "2"]
[White "Grabitz, Georg"]
[Black "Raitza, Egon"]
[Result "1-0"]
[WhiteElo "1943"]
[BlackElo "1603"]
[PlyCount "29"]
[EventDate "2008.07.08"]
[EventType "swiss"]
[EventRounds "9"]
[EventCountry "GER"]
[SourceTitle "EXT 2022"]
[Source "ChessBase"]
[SourceDate "2021.10.06"]
[SourceVersion "1"]
[SourceVersionDate "2021.10.06"]
[SourceQuality "1"]

1. d4 Nf6 2. Nf3 e6 3. e3 d5 4. Bd3 Be7 5. 0-0 0-0 6. Nbd2 c6 7. Ne5 Nbd7 8. f4 c5 9. c3 Qc7 10. Rf3 c4 11. Bc2 b5 12. Rh3 h6 13. g4 Bb7 14. g5 Nxe5 15. gxf6 1-0

[Event "EU-chT Seniors 10th"]
[Site "Dresden"]
[Date "2008.02.19"]
[Round "9.2"]
[White "Kool, Gerard J"]
[Black "Grabitz, Georg"]
[Result "1-0"]
[WhiteElo "2124"]
[BlackElo "2081"]
[PlyCount "59"]
[EventDate "2008.02.11"]
[EventType "team-swiss"]
[EventRounds "9"]
[EventCountry "GER"]
[SourceTitle "CBM 122 Extra"]
[Source "ChessBase"]
[SourceDate "2008.03.04"]
[SourceVersion "1"]
[SourceVersionDate "2008.03.04"]
[SourceQuality "1"]
[WhiteTeam "DD Oranjeteam"]
[BlackTeam "Widukind"]
[WhiteTeamCountry "NED"]
[BlackTeamCountry "GER"]

1. Nf3 g6 2. c4 Bg7 3. Nc3 Nf6 4. g3 0-0 5. Bg2 d6 6. d4 Nbd7 7. 0-0 e5 8. dxe5 dxe5 9. Qc2 c6 10. Rd1 Qe7 11. Rb1 a5 12. b3 Re8 13. Ng5 Nf8 14. Na4 Bf5 15. e4 Bg4 16. f3 Be6 17. Be3 N6d7 18. Qd2 b5 19. Nxe6 Qxe6 20. cxb5 cxb5 21. Nc3 b4 22. Nb5 Rec8 23. Bf1 Nb6 24. Nd6 Rcb8 25. Bxb6 Rxb6 26. Bc4 Qf6 27. Nxf7 Ne6 28. Nd8 Bf8 29. Nxe6 Rxe6 30. Bxe6+ 1-0

[Event "EU-chT Seniors 10th"]
[Site "Dresden"]
[Date "2008.02.14"]
[Round "4.2"]
[White "Grabitz, Georg"]
[Black "Troeger, Rainer"]
[Result "0-1"]
[WhiteElo "2081"]
[BlackElo "2203"]
[PlyCount "82"]
[EventDate "2008.02.11"]
[EventType "team-swiss"]
[EventRounds "9"]
[EventCountry "GER"]
[SourceTitle "CBM 122 Extra"]
[Source "ChessBase"]
[SourceDate "2008.03.04"]
[SourceVersion "1"]
[SourceVersionDate "2008.03.04"]
[SourceQuality "1"]
[WhiteTeam "Widukind"]
[BlackTeam "Brandenburg"]
[WhiteTeamCountry "GER"]
[BlackTeamCountry "GER"]

1. d4 g6 2. e4 Bg7 3. Nc3 c5 4. dxc5 Bxc3+ 5. bxc3 Qa5 6. Ne2 Nf6 7. f3 Qxc5 8. Qd4 Qa5 9. Be3 Nc6 10. Qd2 d5 11. exd5 Nxd5 12. Bh6 f6 13. c4 Qxd2+ 14. Bxd2 Ndb4 15. Kf2 Nxc2 16. Rc1 N2b4 17. Nc3 Be6 18. a3 0-0-0 19. Ke3 Na6 20. Be2 Nc5 21. Rhd1 Nb3 22. Rb1 Nxd2 23. Rxd2 Rxd2 24. Kxd2 Rd8+ 25. Ke3 Nd4 26. Bd3 Nf5+ 27. Ke2 Nh4 28. Rg1 Kc7 29. Nb5+ Kb8 30. Ke3 Rc8 31. Kd4 a6 32. Nc3 Nf5+ 33. Bxf5 Rxc4+ 34. Kd3 gxf5 35. Re1 Rc6 36. f4 Kc7 37. Re3 Bc4+ 38. Kd4 Kd6 39. Rh3 e5+ 40. fxe5+ fxe5+ 41. Ke3 Be6 0-1